| 000 | 00711nam a2200289Ia 4500 | ||
|---|---|---|---|
| 005 | 20260324123921.0 | ||
| 008 | 008 260324s9999 xx 000 0 eng d | ||
| 020 | _a9781315847863 | ||
| 037 | _aEBOOK | ||
| 040 | _aCRL | ||
| 040 | _beng | ||
| 040 | _cCRL | ||
| 041 | _2eng | ||
| 041 | _aeng | ||
| 084 | _qCRL | ||
| 100 |
_aJack Donovan; Cian Duffy; Kelvin Everest; Michael Rossington _91172147 |
||
| 245 | 4 | _aThe Poems of Shelley: Volume Three | |
| 245 | 0 | _b1819 - 1820 | |
| 260 | _bTaylor and Francis | ||
| 260 | _c2011 | ||
| 365 | _a | ||
| 365 | _b360 | ||
| 856 | _uhttp://www.taylorfrancis.com/books/9781315847863 | ||
| 942 | _cEBOOK | ||
| 999 |
_c1766075 _d1766075 |
||